=LDR 00000nam 2200000 4500 =001 INLIS000000000016562 =005 20130612111836 =008 ***********************************Ind** =035 ##$$0010-061300000016562 =041 ##$$a Ind =082 ##$$a 362.509 598 =090 ##$$a 362.509 598, Kem k =245 ##$$a Kemiskinan dan kesemjangan di Indonesia, Awan Setya =260 ##$$a 1995 $b Yogyakarta =300 ##$$a xiii, 242 hlm, 21 cm =650 ##$$a Kemiskinan-Indonesia =850 ##$$a NBPNMAT =990 ##$$a 11781178 =990 ##$$a 01201901178 =990 ##$$a 1038339